| Tag |
First Indicator |
Second Indicator |
Subfields |
| LEADER |
00000cam a22000008a 4500 |
| 001 |
in00000760121 |
| 005 |
20151017052304.0 |
| 008 |
881214s1989 enka c 00000 eng |
| 010 |
|
|
|a 88032984
|
| 020 |
|
|
|a 0521371309
|
| 035 |
|
|
|a (OCoLC)18989161
|
| 035 |
|
|
|9 ADK9694AM
|
| 040 |
|
|
|a DLC
|c DLC
|d TXA
|d UtOrBLW
|
| 043 |
|
|
|a e-uk-en
|
| 049 |
|
|
|a TXAM
|c [A11870481]
|
| 050 |
0 |
0 |
|a N1217
|b .A66 1989
|
| 082 |
0 |
|
|a 707/.4/013
|2 19
|
| 245 |
0 |
0 |
|a Treasures from the Fitzwilliam :
|b the increase of learning and other great objects of that noble foundation.
|
| 264 |
|
1 |
|a Cambridge [England] ;
|a New York :
|b Cambridge University Press,
|c 1989.
|
| 300 |
|
|
|a xxviii, 163 pages :
|b illustrations (chiefly color)
|
| 336 |
|
|
|a text
|b txt
|2 rdacontent
|
| 337 |
|
|
|a unmediated
|b n
|2 rdamedia
|
| 338 |
|
|
|a volume
|b nc
|2 rdacarrier
|
| 500 |
|
|
|a Catalog of a shared exhibition held at the National Gallery of Art et al.
|
| 650 |
|
0 |
|a Art
|v Exhibitions.
|
| 610 |
2 |
0 |
|a Fitzwilliam Museum
|x Exhibitions.
|
| 710 |
2 |
|
|a Fitzwilliam Museum.
|
| 710 |
2 |
|
|a National Gallery of Art (U.S.)
|
| 999 |
|
|
|a MARS
|
| 999 |
f |
f |
|s 8f4eb6ed-7356-3bbc-a9d4-b0bf9536787f
|i b56cd51b-01d0-3bd7-9ef8-0900af3def8e
|t 0
|
| 952 |
f |
f |
|p ric
|a Texas A&M University
|b Rellis Campus
|c Joint Library Facility
|d Remote Storage
|t 0
|e N1217 .A66 1989
|h Library of Congress classification
|i unmediated -- volume
|m A14811870481
|
| 998 |
f |
f |
|a N1217 .A66 1989
|t 0
|l Remote Storage
|